|
|
|
|
| LEADER |
00000cam a2200000 7i4500 |
| 001 |
0000003087 |
| 005 |
20040519.0 |
| 020 |
0 |
0 |
|a 967891445X
|
| 090 |
0 |
0 |
|a 340.09595
|b MAL 2003
|
| 110 |
1 |
0 |
|a MALAYSIA
|
| 245 |
1 |
0 |
|a Panduan undang-undang umum : mengandungi Perlembagaan Persekutuan, Akta Kumpulan Wang Simpanan Pekerja dan Peraturan-peraturan, Undang-undang Pencen, Peraturan-peraturan Pencen :
|b (hingga 25hb Oktober 2003)
|c disusun oleh Lembaga Penyelidikan Undang-undang
|
| 260 |
0 |
0 |
|a Petaling Jaya, Selangor :
|b International Law Book Services ,
|c 2003
|
| 300 |
|
|
|a 554 p. :
|b ill. ;
|c 24 cm.
|
| 440 |
0 |
0 |
|a Undang-undang Malaysia
|
| 651 |
0 |
0 |
|a Malaysia
|x Law and legislation
|
| 998 |
|
|
|a JPSM
|
| 999 |
|
|
|a 0000005519
|b Monograph
|c Open Shelf
|e Default branch
|